00463nam a2200193 a 4500001001300000003000900013005001700022008004100039020000900080082001800089100002100107245001700128260003500145300000900180500003500189505001000224650001400234700002100248nice12345678IN_TiNIC20260116013906.0050524s1990 dela grp 000 0 urd  ac4500a297.211bKHA1 aKhan, Waheedudin aAllahu Akbar aDelhibMaktaba Ar-Risalac1990 a287p aincludes index and biblioraphy2 aIndex aGod-Islam1 aKhan, Waheedudin